| 000 | 00443nam a22001697a 4500 | ||
|---|---|---|---|
| 005 | 20250214080130.0 | ||
| 008 | 250214b |||||||| |||| 00| 0 eng d | ||
| 040 |
_aIN-DiNC _cIN-DiNC |
||
| 041 | _deng | ||
| 082 |
_a030.59 _bARL |
||
| 100 |
_aArlon, Penelope _eauthor |
||
| 245 |
_aAnimal encyclopedia/ _cby Penelope Arlon |
||
| 260 |
_aLondon: _bDorling Kindersley, _c2004. |
||
| 300 | _a158p. | ||
| 650 | _aAnimal kingdom | ||
| 942 |
_2ddc _cBK |
||
| 999 |
_c12031 _d12031 |
||